[Event "WchT Seniors 50"]
[Site "Struga"]
[Date "2023.09.24"]
[Round "6.3"]
[White "Stanojoski, Zvonko"]
[Black "Arkell, Keith C"]
[Result "1-0"]
[WhiteElo "2351"]
[BlackElo "2352"]
[PlyCount "115"]
[EventDate "2023.09.19"]
[EventType "team-swiss"]
[EventRounds "9"]
[EventCountry "MKD"]
[SourceTitle "EXT 2024"]
[Source "ChessBase"]
[SourceDate "2023.10.10"]
[SourceVersion "1"]
[SourceVersionDate "2023.10.10"]
[SourceQuality "1"]
[WhiteTeam "Macedonia Alkaloid 50"]
[BlackTeam "England 50"]
[WhiteTeamCountry "MKD"]
[BlackTeamCountry "ENG"]

1. e4 c6 2. d4 d5 3. exd5 cxd5 4. Bd3 Nc6 5. c3 Nf6 6. h3 g6 7. Nf3 Bf5 8. Be2 Qc7 9. 0-0 Bg7 10. Be3 0-0 11. Nbd2 a6 12. Re1 b5 13. Qc1 Rfc8 14. Nb3 b4 15. Bf4 Qb6 16. g4 Bd7 17. Nc5 Be8 18. Qe3 Nd7 19. cxb4 Qxb4 20. a3 Qb6 21. b4 a5 22. bxa5 Qxa5 23. Nxd7 Bxd7 24. Ne5 Nxe5 25. Bxe5 Rc3 26. Qf4 f6 27. Bb8 Rc8 28. Bf3 g5 29. Qg3 Raxb8 30. Rxe7 Qd8 31. Qd6 Be8 32. Qe6+ Kh8 33. Re1 Bg6 34. Qa6 Qg8 35. R1e3 Re8 36. Qc6 Rxe7 37. Rxe7 Rd8 38. a4 Be4 39. Bxe4 dxe4 40. a5 Rc8 41. Qxe4 f5 42. gxf5 Bf6 43. Re6 Qf7 44. a6 Rc7 45. Rb6 Re7 46. Qxe7 Bxe7 47. a7 Qd5 48. Rb8+ Kg7 49. a8Q Qxd4 50. Qf3 Kf6 51. Rb5 Bd6 52. Kg2 Be5 53. Ra5 Qf4 54. Qxf4 gxf4 55. Kf3 Kxf5 56. Rb5 Kf6 57. Ke4 Bc7 58. Rb7 1-0

[Event "KOS-chT2"]
[Site "Pristina"]
[Date "2023.05.27"]
[Round "1"]
[White "Stanojoski, Zvonko"]
[Black "Gashi, Ekrem"]
[Result "1-0"]
[WhiteElo "2395"]
[BlackElo "1829"]
[PlyCount "69"]
[EventDate "2023.05.27"]
[EventType "team-swiss"]
[EventRounds "7"]
[EventCountry "KOS"]
[SourceTitle "CBM 214 Extra"]
[Source "ChessBase"]
[SourceDate "2023.07.31"]
[SourceVersion "1"]
[SourceVersionDate "2023.07.31"]
[SourceQuality "1"]
[WhiteTeam "Vellaznimi"]
[BlackTeam "Ulpiana"]
[WhiteTeamCountry "KOS"]
[BlackTeamCountry "KOS"]

1. c4 f5 2. g3 Nf6 3. Bg2 e5 4. Nc3 Be7 5. e3 0-0 6. Nge2 d6 7. 0-0 Nc6 8. b3 Rb8 9. d4 e4 10. f3 exf3 11. Bxf3 Qe8 12. Nf4 Bd7 13. Qd3 Nb4 14. Qd2 Nc6 15. Bb2 a6 16. Rae1 g5 17. Nfd5 Bd8 18. Bg2 Qg6 19. e4 Ne7 20. Nxe7+ Bxe7 21. exf5 Qg7 22. Bd5+ Kh8 23. Be6 Bd8 24. d5 h6 25. Ne2 Kh7 26. Bxd7 Qxd7 27. Nd4 c6 28. dxc6 bxc6 29. Ne6 Rf7 30. Nxd8 Rxd8 31. Re6 Ne8 32. Qe2 Ng7 33. Bxg7 Rxg7 34. Qh5 Qf7 35. Rxh6+ 1-0

[Event "FRM-ch op"]
[Site "Skopje"]
[Date "2023.05.06"]
[Round "3"]
[White "Jovanovski, Zoran"]
[Black "Stanojoski, Zvonko"]
[Result "0-1"]
[WhiteElo "1701"]
[BlackElo "2360"]
[PlyCount "58"]
[EventDate "2023.05.04"]
[EventType "swiss"]
[EventRounds "9"]
[EventCountry "MKD"]
[SourceTitle "CBM 214 Extra"]
[Source "ChessBase"]
[SourceDate "2023.07.31"]
[SourceVersion "1"]
[SourceVersionDate "2023.07.31"]
[SourceQuality "1"]

1. e4 c5 2. Nf3 Nc6 3. d4 cxd4 4. Nxd4 g6 5. Nc3 Bg7 6. Be3 Nf6 7. Be2 0-0 8. 0-0 d6 9. h3 Bd7 10. Qd2 Nxd4 11. Bxd4 Qa5 12. Rfd1 Rfc8 13. Nd5 Qxd2 14. Nxe7+ Kf8 15. Rxd2 Kxe7 16. f3 Be6 17. b3 Bh6 18. Bxf6+ Kxf6 19. Rxd6 Rxc2 20. Bc4 Bf4 21. Rd3 Bxc4 22. bxc4 Rxc4 23. Rad1 Rac8 24. Rd7 R8c7 25. R7d5 Rc2 26. Re1 Rxa2 27. e5+ Ke6 28. Rd6+ Ke7 29. Rd4 Bg3 0-1

[Event "FRM-ch op"]
[Site "Skopje"]
[Date "2023.05.05"]
[Round "2"]
[White "Stanojoski, Zvonko"]
[Black "Nikolovski, David"]
[Result "1/2-1/2"]
[WhiteElo "2360"]
[BlackElo "1848"]
[PlyCount "135"]
[EventDate "2023.05.04"]
[EventType "swiss"]
[EventRounds "9"]
[EventCountry "MKD"]
[SourceTitle "CBM 214 Extra"]
[Source "ChessBase"]
[SourceDate "2023.07.31"]
[SourceVersion "1"]
[SourceVersionDate "2023.07.31"]
[SourceQuality "1"]

1. e4 c5 2. Nf3 d6 3. d4 cxd4 4. Nxd4 Nf6 5. Nc3 a6 6. Be2 e5 7. Nb3 Be7 8. 0-0 0-0 9. a4 Nc6 10. Be3 Nb4 11. a5 Be6 12. Bb6 Qd7 13. Ra4 Bxb3 14. Rxb4 Be6 15. Nd5 Nxd5 16. exd5 Bf5 17. f4 Rac8 18. c3 Bg6 19. Qa4 Qxa4 20. Rxa4 Bc2 21. Rb4 f5 22. g3 Be4 23. Rd1 exf4 24. gxf4 Rf6 25. Bf2 Rc7 26. Rd2 Rg6+ 27. Kf1 Rh6 28. Bg3 Bh4 29. Bd3 Bxg3 30. Bxe4 Bxf4 31. Rf2 fxe4 32. Rxf4 Rxh2 33. Rbxe4 g5 34. Rf5 h6 35. Rb4 Kg7 36. Rb6 Rd7 37. c4 Rh4 38. b3 Kg6 39. Rf8 Kh5 40. Rf6 Rf4+ 41. Rxf4 gxf4 42. b4 Kg4 43. b5 Kg3 44. bxa6 bxa6 45. Rxa6 f3 46. Rb6 Rc7 47. Rc6 Rb7 48. Rb6 Rc7 49. Rb4 Ra7 50. Rb5 Rc7 51. Rb4 h5 52. a6 h4 53. Rb7 Rxc4 54. Rg7+ Kf4 55. a7 Ra4 56. Rf7+ Ke4 57. Re7+ Kxd5 58. Kf2 Ra3 59. Rh7 Kc6 60. Rxh4 Rxa7 61. Kxf3 d5 62. Ke3 Kc5 63. Kd3 Ra3+ 64. Kd2 Rb3 65. Kc2 Rb4 66. Rxb4 Kxb4 67. Kd3 d4 68. Kxd4 1/2-1/2

[Event "Dimitrovgrad Spring"]
[Site "Dimitrovgrad"]
[Date "2023.04.15"]
[Round "8"]
[White "Koutlas, Nikolaos"]
[Black "Stanojoski, Zvonko"]
[Result "1-0"]
[WhiteElo "2305"]
[BlackElo "2395"]
[PlyCount "51"]
[EventDate "2023.04.11"]
[EventType "schev"]
[EventRounds "9"]
[EventCountry "BUL"]
[SourceTitle "CBM 213 Extra"]
[Source "ChessBase"]
[SourceDate "2023.05.31"]
[SourceVersion "1"]
[SourceVersionDate "2023.05.31"]
[SourceQuality "1"]
[WhiteTeam "Team B"]
[BlackTeam "Team D"]
[WhiteTeamCountry "BUL"]
[BlackTeamCountry "BUL"]

1. e4 c5 2. Nf3 Nc6 3. d4 cxd4 4. Nxd4 Nf6 5. Nc3 d6 6. Bg5 Bd7 7. Qd2 Rc8 8. f4 Nxd4 9. Qxd4 Qa5 10. e5 dxe5 11. fxe5 e6 12. 0-0-0 Bc5 13. Qd3 Nd5 14. Nxd5 exd5 15. Qxd5 Bc6 16. Qb3 0-0 17. Bc4 Ba4 18. Qd3 Bb4 19. Rhf1 Qxe5 20. Rf5 Qxh2 21. Rxf7 Kh8 22. Rxb7 Qxg2 23. Rxg7 Kxg7 24. Qd4+ Kg6 25. Bd3+ Kxg5 26. Qg7+ 1-0

[Event "Dimitrovgrad Spring"]
[Site "Dimitrovgrad"]
[Date "2023.04.13"]
[Round "4"]
[White "Pein, Jonathan"]
[Black "Stanojoski, Zvonko"]
[Result "1-0"]
[WhiteElo "2301"]
[BlackElo "2395"]
[PlyCount "59"]
[EventDate "2023.04.11"]
[EventType "schev"]
[EventRounds "9"]
[EventCountry "BUL"]
[SourceTitle "CBM 213 Extra"]
[Source "ChessBase"]
[SourceDate "2023.05.31"]
[SourceVersion "1"]
[SourceVersionDate "2023.05.31"]
[SourceQuality "1"]
[WhiteTeam "Team A"]
[BlackTeam "Team D"]
[WhiteTeamCountry "BUL"]
[BlackTeamCountry "BUL"]

1. e4 c5 2. Nf3 Nc6 3. d4 cxd4 4. Nxd4 Nf6 5. Nc3 d6 6. f3 g6 7. Be3 Bg7 8. Qd2 0-0 9. 0-0-0 Nxd4 10. Bxd4 Be6 11. Kb1 Qc7 12. Nb5 Qb8 13. g4 a6 14. Nc3 b5 15. h4 b4 16. Nd5 Bxd5 17. exd5 Rc8 18. h5 Qb7 19. hxg6 hxg6 20. g5 Nh5 21. Bxg7 Kxg7 22. Qd4+ Kg8 23. Bd3 Qa7 24. Qe4 Kf8 25. Rh2 Ke8 26. Re1 Kd8 27. f4 Ng7 28. Rh7 Nf5 29. Rxf7 Qf2 30. Rxf5 1-0

[Event "Bijeljina 1st"]
[Site "Bijeljina"]
[Date "2022.12.11"]
[Round "6"]
[White "Aarav, Dengla"]
[Black "Stanojoski, Zvonko"]
[Result "1-0"]
[WhiteElo "2357"]
[BlackElo "2409"]
[PlyCount "101"]
[EventDate "2022.12.09"]
[EventType "tourn"]
[EventRounds "9"]
[EventCountry "BIH"]
[EventCategory "6"]
[SourceTitle "CBM 211 Extra"]
[Source "ChessBase"]
[SourceDate "2023.01.31"]
[SourceVersion "1"]
[SourceVersionDate "2023.01.31"]
[SourceQuality "1"]

1. e4 c5 2. Nf3 Nc6 3. Bb5 g6 4. Bxc6 bxc6 5. 0-0 Bg7 6. Re1 Nh6 7. c3 0-0 8. d4 cxd4 9. cxd4 d6 10. h3 f6 11. Nc3 Nf7 12. Bf4 Rb8 13. Qc2 e5 14. Be3 Qa5 15. dxe5 fxe5 16. Rac1 Be6 17. b3 Rfd8 18. Ng5 Nxg5 19. Bxg5 Rd7 20. Qd2 d5 21. Qc2 d4 22. Na4 Rc7 23. Nc5 Bf7 24. Qe2 Re8 25. Rc2 h6 26. Bh4 Qb5 27. Qd2 Kh7 28. Rec1 g5 29. Bg3 Bf8 30. b4 Bd6 31. a3 Kg7 32. a4 Qb6 33. Nd3 Kh7 34. Rc5 Bxc5 35. Rxc5 a5 36. Rxa5 c5 37. Rxc5 Rxc5 38. bxc5 Qf6 39. a5 h5 40. f3 Re6 41. Qb4 Qe7 42. Qb8 Qe8 43. Qb7 Re7 44. a6 Rxb7 45. axb7 Qb5 46. c6 Bc4 47. Bxe5 Bxd3 48. b8Q Qxb8 49. Bxb8 Ba6 50. Ba7 d3 51. Be3 1-0

[Event "Bijeljina 1st"]
[Site "Bijeljina"]
[Date "2022.12.09"]
[Round "2"]
[White "Sedlak, Nikola"]
[Black "Stanojoski, Zvonko"]
[Result "1/2-1/2"]
[WhiteElo "2484"]
[BlackElo "2409"]
[PlyCount "51"]
[EventDate "2022.12.09"]
[EventType "tourn"]
[EventRounds "9"]
[EventCountry "BIH"]
[EventCategory "6"]
[SourceTitle "CBM 211 Extra"]
[Source "ChessBase"]
[SourceDate "2023.01.31"]
[SourceVersion "1"]
[SourceVersionDate "2023.01.31"]
[SourceQuality "1"]

1. d4 d5 2. c4 e6 3. Nf3 c6 4. e3 Bd6 5. b3 Nd7 6. Bb2 Ngf6 7. Bd3 0-0 8. 0-0 Re8 9. Ne5 c5 10. Nd2 b6 11. f4 cxd4 12. exd4 Bb7 13. Qe2 Nf8 14. Rad1 a5 15. a4 Qe7 16. g4 N6d7 17. g5 Nxe5 18. fxe5 Qxg5+ 19. Kh1 Bb4 20. Nf3 Qh5 21. c5 bxc5 22. Qf2 Re7 23. Rg1 c4 24. Rg5 Qxg5 25. Nxg5 cxd3 26. Bc1 1/2-1/2

[Event "Skopje op"]
[Site "Skopje"]
[Date "2022.10.27"]
[Round "9"]
[White "Mihailova, Alina"]
[Black "Stanojoski, Zvonko"]
[Result "0-1"]
[WhiteElo "2082"]
[BlackElo "2413"]
[PlyCount "120"]
[EventDate "2022.10.21"]
[EventType "swiss"]
[EventRounds "9"]
[EventCountry "MKD"]
[SourceTitle "EXT 2024"]
[Source "ChessBase"]
[SourceDate "2023.10.10"]
[SourceVersion "1"]
[SourceVersionDate "2023.10.10"]
[SourceQuality "1"]

1. d4 d5 2. c4 c6 3. Nf3 e6 4. Qc2 Bd6 5. g3 Ne7 6. Bg2 b6 7. 0-0 Ba6 8. c5 Bc7 9. b4 Nd7 10. Bb2 0-0 11. Re1 bxc5 12. dxc5 e5 13. e4 d4 14. Nbd2 Rb8 15. a3 Bc8 16. Rab1 a5 17. Ba1 Ba6 18. Bh3 axb4 19. axb4 Ng6 20. Bf5 Qe7 21. h4 Rfe8 22. Bh3 Nf6 23. Nc4 Bc8 24. Bf1 Bd7 25. Rb3 Ra8 26. Bb2 h6 27. Ba3 Qe6 28. Ncd2 Reb8 29. Bc4 Qe8 30. Qd3 Ne7 31. Reb1 Nc8 32. Re1 Na7 33. Bb2 Nb5 34. Nb1 Ra4 35. Na3 Rba8 36. Nd2 R8a7 37. Ndb1 Rb7 38. Qc2 Na7 39. Qd2 Be6 40. Kg2 Bxc4 41. Nxc4 Qe6 42. Nba3 Rxa3 43. Bxa3 Qxc4 44. Qd3 Qxd3 45. Rxd3 Nb5 46. Bb2 Ra7 47. f4 Ra2 48. Re2 exf4 49. Kf3 fxg3 50. Bxd4 Rxe2 51. Kxe2 Nxe4 52. Kf3 f5 53. Be3 g5 54. hxg5 hxg5 55. Rd7 g4+ 56. Kg2 f4 57. Bxf4 Bxf4 58. Rd8+ Kf7 59. Rc8 Nd4 60. b5 cxb5 0-1

[Event "Titled Tuesday intern op 20th Sep Early"]
[Site "Chess.com INT"]
[Date "2022.09.20"]
[Round "8"]
[White "Stanojoski, Zvonko"]
[Black "Krsnik Cohar, Ivan Vihor"]
[Result "1-0"]
[WhiteElo "2413"]
[BlackElo "2296"]
[PlyCount "81"]
[EventDate "2022.09.20"]
[EventType "swiss (blitz)"]
[EventRounds "11"]
[EventCountry "USA"]
[SourceTitle "EXT 2023"]
[Source "ChessBase"]
[SourceDate "2022.10.05"]
[SourceVersion "1"]
[SourceVersionDate "2022.10.05"]
[SourceQuality "1"]

1. e4 c5 2. Nf3 g6 3. d4 cxd4 4. Qxd4 Nf6 5. Nc3 Nc6 6. Qa4 d6 7. e5 dxe5 8. Nxe5 Bd7 9. Nxd7 Qxd7 10. Be2 Bg7 11. 0-0 0-0 12. Rd1 Qc8 13. Bf4 e5 14. Bg5 Nd4 15. Bxf6 Bxf6 16. Bd3 a6 17. Nd5 Bd8 18. c3 b5 19. Qa3 Nc6 20. Be4 f5 21. Bc2 Kg7 22. b4 e4 23. Qb2 Qe6 24. a4 Rc8 25. axb5 axb5 26. Bb3 Ne5 27. Nf4 Qf6 28. Ne6+ Kh6 29. Nxf8 Qxf8 30. Qd2+ Bg5 31. Qd5 Nd3 32. Ra7 Rxc3 33. Qd7 Qh8 34. Be6 Bf6 35. Bxf5 Bd4 36. Bxe4 Bxf2+ 37. Kh1 Bxa7 38. Bxd3 Qc8 39. Qxa7 Qe6 40. Qf2 Qd6 41. Qd2+ 1-0

[Event "Titled Tuesday intern op 20th Sep Early"]
[Site "Chess.com INT"]
[Date "2022.09.20"]
[Round "5"]
[White "Stanojoski, Zvonko"]
[Black "Lopez Idarraga, Daniel Eduardo"]
[Result "0-1"]
[WhiteElo "2413"]
[BlackElo "2018"]
[PlyCount "78"]
[EventDate "2022.09.20"]
[EventType "swiss (blitz)"]
[EventRounds "11"]
[EventCountry "USA"]
[SourceTitle "EXT 2023"]
[Source "ChessBase"]
[SourceDate "2022.10.05"]
[SourceVersion "1"]
[SourceVersionDate "2022.10.05"]
[SourceQuality "1"]

1. e4 c5 2. Nf3 e6 3. d4 cxd4 4. Nxd4 Nf6 5. Bd3 Nc6 6. Nxc6 bxc6 7. f4 d5 8. e5 Nd7 9. 0-0 Ba6 10. Kh1 Bxd3 11. cxd3 Be7 12. Be3 0-0 13. Nd2 c5 14. Rc1 Rc8 15. Qa4 Qc7 16. Nb3 Nb6 17. Qa6 c4 18. Na5 Bb4 19. dxc4 Bxa5 20. cxd5 Qb8 21. Qxa5 Nxd5 22. Bxa7 Rxc1 23. Rxc1 Qxb2 24. Rf1 Ra8 25. Bd4 Rxa5 26. Bxb2 Rxa2 27. Bc1 g6 28. Kg1 h5 29. g3 Nc3 30. Be3 Kg7 31. Bc5 h4 32. gxh4 Kh6 33. Be7 Kh5 34. h3 Ne2+ 35. Kf2 Nxf4+ 36. Kg3 Ne2+ 37. Kf3 Nd4+ 38. Ke4 Nf5 39. Bf6 Ng3+ 0-1

[Event "Titled Tuesday intern op 13th Sep Late"]
[Site "Chess.com INT"]
[Date "2022.09.13"]
[Round "2"]
[White "Djordjevic, Dejan N"]
[Black "Stanojoski, Zvonko"]
[Result "0-1"]
[WhiteElo "2156"]
[BlackElo "2413"]
[PlyCount "70"]
[EventDate "2022.09.13"]
[EventType "swiss (blitz)"]
[EventRounds "11"]
[EventCountry "USA"]
[SourceTitle "EXT 2023"]
[Source "ChessBase"]
[SourceDate "2022.10.05"]
[SourceVersion "1"]
[SourceVersionDate "2022.10.05"]
[SourceQuality "1"]

1. e4 c5 2. Nc3 g6 3. g3 Bg7 4. Bg2 Nc6 5. Nge2 Rb8 6. 0-0 b5 7. d3 b4 8. Nd5 e6 9. Ne3 Nge7 10. h3 0-0 11. c3 bxc3 12. bxc3 Ba6 13. Qc2 Qa5 14. Bd2 Qb5 15. Nc4 d5 16. Rab1 Nb4 17. cxb4 dxc4 18. dxc4 Qxc4 19. Qxc4 Bxc4 20. Rfe1 Nc6 21. a3 cxb4 22. axb4 a5 23. Bf1 Nxb4 24. Nc3 Bxf1 25. Rxf1 Rfd8 26. Be1 Nc2 27. Rxb8 Rxb8 28. Na4 Nxe1 29. Rxe1 Rb4 30. Nc5 a4 31. e5 a3 32. Ra1 Bf8 33. Nd7 Be7 34. Kg2 Rb7 35. Nf6+ Kg7 0-1

[Event "Titled Tuesday intern op 13th Sep Late"]
[Site "Chess.com INT"]
[Date "2022.09.13"]
[Round "11"]
[White "Silva Lucena, Cristian"]
[Black "Stanojoski, Zvonko"]
[Result "1/2-1/2"]
[WhiteElo "2290"]
[BlackElo "2413"]
[PlyCount "135"]
[EventDate "2022.09.13"]
[EventType "swiss (blitz)"]
[EventRounds "11"]
[EventCountry "USA"]
[SourceTitle "EXT 2023"]
[Source "ChessBase"]
[SourceDate "2022.10.05"]
[SourceVersion "1"]
[SourceVersionDate "2022.10.05"]
[SourceQuality "1"]

1. Nf3 g6 2. d4 Bg7 3. e4 c5 4. dxc5 Nc6 5. Nc3 Bxc3+ 6. bxc3 Qa5 7. Bd3 Nf6 8. 0-0 Qxc5 9. Rb1 0-0 10. c4 d6 11. Be3 Qh5 12. h3 b6 13. Nd4 Qxd1 14. Rfxd1 Nxd4 15. Bxd4 Nd7 16. f4 Bb7 17. Re1 Rac8 18. Rb3 Nc5 19. Ra3 Ra8 20. e5 Ne6 21. Be3 dxe5 22. fxe5 Kg7 23. Rb1 Rfc8 24. Kf2 h6 25. h4 Nc5 26. Rb5 Bc6 27. Rb4 Bd7 28. Bxc5 Rxc5 29. Rxb6 axb6 30. Rxa8 Rxe5 31. Rb8 Re6 32. g3 h5 33. Rb7 Rd6 34. Rc7 Kf6 35. c5 bxc5 36. Rxc5 Rd4 37. Rc4 Rd5 38. Rf4+ Bf5 39. Bxf5 gxf5 40. Ke2 Ra5 41. a4 e5 42. Rb4 Ke6 43. c4 e4 44. Ke3 Ra8 45. Kf4 Rg8 46. Rb6+ Ke7 47. Kxf5 Rxg3 48. Kxe4 Rg4+ 49. Kd5 Rxh4 50. Rb7+ Kf6 51. a5 Rh1 52. a6 Ra1 53. a7 h4 54. Kc6 h3 55. Rb3 h2 56. Rh3 Rxa7 57. Rxh2 Ke5 58. c5 f5 59. Re2+ Kd4 60. Kb6 Ra1 61. c6 f4 62. c7 Rc1 63. Re7 f3 64. Rf7 Ke3 65. Kb7 f2 66. Rxf2 Kxf2 67. c8Q Rxc8 68. Kxc8 1/2-1/2

[Event "Titled Tuesday intern op 06th Sep Late"]
[Site "Chess.com INT"]
[Date "2022.09.06"]
[Round "6"]
[White "Hambleton, Aman"]
[Black "Stanojoski, Zvonko"]
[Result "0-1"]
[WhiteElo "2437"]
[BlackElo "2413"]
[PlyCount "142"]
[EventDate "2022.09.06"]
[EventType "swiss (blitz)"]
[EventRounds "11"]
[EventCountry "USA"]
[SourceTitle "EXT 2023"]
[Source "ChessBase"]
[SourceDate "2022.10.05"]
[SourceVersion "1"]
[SourceVersionDate "2022.10.05"]
[SourceQuality "1"]

1. d4 d5 2. Bf4 e6 3. e3 Bd6 4. Nd2 Bxf4 5. exf4 c5 6. dxc5 Qc7 7. g3 Qxc5 8. Ngf3 Nf6 9. Bd3 Qb6 10. Rb1 0-0 11. 0-0 Nc6 12. c3 a5 13. Qe2 a4 14. a3 Qa5 15. Rfe1 h6 16. Ne5 Qc7 17. Ndf3 Ne7 18. Nd4 Nd7 19. Rbd1 Nc6 20. Qe3 Nxd4 21. Qxd4 Nf6 22. h4 b6 23. Re3 Qc5 24. Bb1 Qxd4 25. Rxd4 b5 26. Bd3 Ba6 27. f5 exf5 28. Bxf5 Rfe8 29. f3 Re7 30. Kf2 Rae8 31. Rd1 Rxe5 32. Rxe5 Rxe5 33. Bd3 Kf8 34. Bf1 Ke7 35. Rd4 Kd6 36. g4 g5 37. hxg5 hxg5 38. Bd3 Ne8 39. Rb4 Nc7 40. f4 gxf4 41. Rxf4 Ke7 42. Be2 Re4 43. Rf5 f6 44. Rh5 Re5 45. Rh7+ Kd6 46. Rh6 Re6 47. Bd3 Ke5 48. Bf5 Re7 49. Ke3 Ne6 50. Bd3 Ng5 51. Bf5 Rc7 52. Rh8 Re7 53. Ra8 Bb7 54. Rb8 Kd6+ 55. Kf4 Ne6+ 56. Kg3 Nc5 57. Rf8 Ke5 58. Kf3 Ne4 59. Ke3 Nd6 60. Rb8 Nxf5+ 61. gxf5 Kxf5+ 62. Kd4 Ke6 63. Rh8 Kd6 64. Rh6 Re4+ 65. Kd3 Re6 66. Kd4 Bc6 67. Rg6 Re4+ 68. Kd3 Rf4 69. Rh6 Bd7 70. Rh8 Rf2 71. Rh6 Ke6 0-1

[Event "Titled Tuesday intern op 06th Sep Late"]
[Site "Chess.com INT"]
[Date "2022.09.06"]
[Round "1"]
[White "Hansen, Eric"]
[Black "Stanojoski, Zvonko"]
[Result "1-0"]
[WhiteElo "2613"]
[BlackElo "2413"]
[PlyCount "45"]
[EventDate "2022.09.06"]
[EventType "swiss (blitz)"]
[EventRounds "11"]
[EventCountry "USA"]
[SourceTitle "EXT 2023"]
[Source "ChessBase"]
[SourceDate "2022.10.05"]
[SourceVersion "1"]
[SourceVersionDate "2022.10.05"]
[SourceQuality "1"]

1. Nf3 g6 2. d4 c5 3. d5 Bg7 4. Nc3 d6 5. h3 a6 6. a4 Nf6 7. e4 0-0 8. Bd3 Nfd7 9. 0-0 Ne5 10. Nxe5 Bxe5 11. Bh6 Re8 12. f4 Bg7 13. Bxg7 Kxg7 14. e5 Nd7 15. Qe1 c4 16. Bxc4 Qb6+ 17. Kh1 Qxb2 18. Bb3 Nc5 19. Ra2 Qxa2 20. Bxa2 Bf5 21. Qd2 Rac8 22. Bb3 Nd7 23. g4 1-0

[Event "Titled Tuesday intern op 06th Sep Late"]
[Site "Chess.com INT"]
[Date "2022.09.06"]
[Round "5"]
[White "Stanojoski, Zvonko"]
[Black "Rios Escobar, Adan"]
[Result "1-0"]
[WhiteElo "2413"]
[BlackElo "2276"]
[PlyCount "141"]
[EventDate "2022.09.06"]
[EventType "swiss (blitz)"]
[EventRounds "11"]
[EventCountry "USA"]
[SourceTitle "EXT 2023"]
[Source "ChessBase"]
[SourceDate "2022.10.05"]
[SourceVersion "1"]
[SourceVersionDate "2022.10.05"]
[SourceQuality "1"]

1. e4 c5 2. Nf3 d6 3. d4 cxd4 4. Nxd4 Nf6 5. Nc3 a6 6. g3 e5 7. Nde2 Be7 8. Bg2 0-0 9. h3 b5 10. g4 Bb7 11. Ng3 Re8 12. a3 Nbd7 13. 0-0 Nc5 14. Nd5 Rc8 15. Be3 Nxd5 16. exd5 Bg5 17. Bxc5 Rxc5 18. Ne4 Rc7 19. Qd3 Bf4 20. Rad1 Qe7 21. c3 Rec8 22. Ng3 g6 23. Ne2 Bh6 24. Qg3 Rc4 25. h4 Bg7 26. g5 Rf8 27. b3 Rc5 28. Qd3 f5 29. c4 e4 30. Qe3 bxc4 31. bxc4 Rxc4 32. Nf4 Qe5 33. Ne6 Rfc8 34. Nxg7 Kxg7 35. Qb6 Bxd5 36. Qxa6 R8c6 37. Qa7+ Bf7 38. Rb1 Rc7 39. Rb7 d5 40. Rxc7 Rxc7 41. Qb8 d4 42. Rd1 d3 43. a4 d2 44. Bf1 e3 45. Qb6 exf2+ 46. Qxf2 Rd7 47. Rxd2 Rxd2 48. Qxd2 Qg3+ 49. Bg2 Qe5 50. a5 Qa1+ 51. Kh2 Qe5+ 52. Kg1 f4 53. Bf1 h5 54. a6 Qc5+ 55. Qf2 Qc8 56. Qxf4 Bd5 57. Qe5+ Kh7 58. Qxd5 Qg4+ 59. Qg2 Qd4+ 60. Qf2 Qg4+ 61. Bg2 Qd1+ 62. Kh2 Qd6+ 63. Qg3 Qxa6 64. Qc7+ Kh8 65. Qd8+ Kh7 66. Qe7+ Kh8 67. Qf6+ Kh7 68. Qxa6 Kg7 69. Be4 Kh7 70. Qxg6+ Kh8 71. Qh7# 1-0

[Event "Titled Tuesday intern op 06th Sep Late"]
[Site "Chess.com INT"]
[Date "2022.09.06"]
[Round "2"]
[White "Stanojoski, Zvonko"]
[Black "Romero Ruscalleda, Josep"]
[Result "1-0"]
[WhiteElo "2413"]
[BlackElo "2193"]
[PlyCount "131"]
[EventDate "2022.09.06"]
[EventType "swiss (blitz)"]
[EventRounds "11"]
[EventCountry "USA"]
[SourceTitle "EXT 2023"]
[Source "ChessBase"]
[SourceDate "2022.10.05"]
[SourceVersion "1"]
[SourceVersionDate "2022.10.05"]
[SourceQuality "1"]

1. e4 g6 2. d4 Bg7 3. c3 d6 4. h4 Nf6 5. Bd3 Nc6 6. h5 Nxh5 7. Rxh5 gxh5 8. Qxh5 e5 9. Nf3 Qf6 10. d5 Ne7 11. Bg5 Qg6 12. Qh2 f6 13. Bh4 Bg4 14. Nbd2 0-0-0 15. c4 Bh6 16. Nf1 Rhg8 17. Bg3 Qh5 18. Qxh5 Bxh5 19. Nh4 c5 20. Nf5 Nxf5 21. exf5 Kc7 22. Be4 Rde8 23. Nh2 Bf4 24. Nf1 Bxg3 25. Nxg3 Bf7 26. Ke2 h5 27. Rh1 Rg5 28. Bf3 Rh8 29. Rh4 Rh6 30. Ke3 Rg7 31. Ne4 Rgh7 32. g3 a6 33. a4 Be8 34. b3 b5 35. axb5 axb5 36. Bd1 bxc4 37. bxc4 Bd7 38. f4 Bxf5 39. fxe5 Bxe4 40. exd6+ Kxd6 41. Kxe4 Re7+ 42. Kf4 Re1 43. Bxh5 Rf1+ 44. Ke3 Rf5 45. g4 Rf1 46. Rh2 Rc1 47. Kd3 Rh8 48. Re2 Rb8 49. Re6+ Kd7 50. Rxf6 Rb3+ 51. Ke4 Re1+ 52. Kf4 Rf1+ 53. Kg5 Rxf6 54. Kxf6 Rc3 55. g5 Rxc4 56. g6 Rc1 57. Bg4+ Ke8 58. g7 Rf1+ 59. Kg6 Rf8 60. gxf8Q+ Kxf8 61. Be2 Ke8 62. Kf6 Kd7 63. Ke5 Kc7 64. d6+ Kc6 65. Ke6 c4 66. Bxc4 1-0

[Event "Titled Tuesday intern op 06th Sep Late"]
[Site "Chess.com INT"]
[Date "2022.09.06"]
[Round "8"]
[White "Stanojoski, Zvonko"]
[Black "Sanchez, Roberto Daniel"]
[Result "1/2-1/2"]
[WhiteElo "2413"]
[BlackElo "1966"]
[PlyCount "142"]
[EventDate "2022.09.06"]
[EventType "swiss (blitz)"]
[EventRounds "11"]
[EventCountry "USA"]
[SourceTitle "EXT 2023"]
[Source "ChessBase"]
[SourceDate "2022.10.05"]
[SourceVersion "1"]
[SourceVersionDate "2022.10.05"]
[SourceQuality "1"]

1. e4 e6 2. d4 d5 3. Nd2 Nf6 4. e5 Nfd7 5. f4 c5 6. c3 Nc6 7. Ndf3 a5 8. Bd3 a4 9. a3 cxd4 10. cxd4 Nb6 11. Ne2 Bd7 12. 0-0 Na5 13. g4 Nac4 14. f5 Be7 15. Nf4 g6 16. f6 Bf8 17. g5 Qc7 18. h4 h6 19. gxh6 Bxh6 20. Nxg6 fxg6 21. Bxg6+ Kd8 22. f7 Bf8 23. Bg5+ Kc8 24. Rc1 Kb8 25. Qe2 Bc6 26. Nd2 Ka7 27. Nb1 Be7 28. Qg2 Raf8 29. Nc3 Qd8 30. Bxe7 Qxe7 31. h5 Ne3 32. Qg3 Nxf1 33. Rxf1 Nc4 34. Rf2 Qc7 35. Qf4 Qb6 36. Nd1 Qb3 37. Bc2 Qh3 38. Rh2 Rxf7 39. Qxf7 Qg3+ 40. Rg2 Qe1+ 41. Qf1 Qxf1+ 42. Kxf1 Rxh5 43. Rg6 Rh4 44. Rxe6 Rxd4 45. Ke1 Kb8 46. Re7 Kc8 47. e6 Kd8 48. Rg7 Be8 49. e7+ Kc7 50. Rg8 Nd6 51. Ne3 Kd7 52. Bxa4+ Rxa4 53. Rg5 Re4 54. Kd2 Nc4+ 55. Nxc4 Rxc4 56. Rxd5+ Kxe7 57. Rd3 Bc6 58. b3 Rh4 59. Kc3 Rf4 60. a4 Rf3 61. Rxf3 Bxf3 62. Kd4 Bd1 63. Kc4 Kd6 64. a5 Kc6 65. b4 Be2+ 66. Kc3 Bb5 67. Kd4 Kd6 68. Ke4 Kc6 69. Kd4 Kd6 70. Ke4 Ke6 71. Kd4 Kd6 1/2-1/2